00977nam a2200265 i 4500001000400000100003100004245006300035260006600098300002100164490003300185505015300218650003500371700002600406740001600432740002600448740003500474740002400509740001800533740003200551830002900583020004200612040000800654041000800662008004100670bgj1 aCATHER, Willad(1873-1947)10aLater Novels /cWilla Cather ; [edited by] Sharon O'Brien. aNew York :bLiterary Classics of the United States,cc. 1990. a988 pp ;c21 cm.1 aThe Library of America ;v49 aContents : A Lost Lady ; The Professor's House ; Death Comes for the Archbishop ; Shadows on the Rock ; Lucy Gayheart ; Sapphira and the Slave Girl. 9aAmerican fictiony20th century1 aO'BRIEN, Sharon.eed.02aA Lost Lady02aThe Professor's House02aDeath Comes for the Archbishop02aShadows on the Rock02aLucy Gayheart02aSapphira and the Slave Girl aThe Library of America ; a0940450526 (alk. paper) (hbk, jacket) cBPK0 aeng s uk f |000 0 eng